Making meaning in Indian cinema / (Record no. 35163)
[ view plain ]
| 000 -LEADER | |
|---|---|
| fixed length control field | 02624nam a2200361 a 4500 |
| 005 - DATE AND TIME OF LATEST TRANSACTION | |
| control field | 20100408160149.0 |
| 008 - FIXED-LENGTH DATA ELEMENTS--GENERAL INFORMATION | |
| fixed length control field | 000414s2000 ii b 100 0 eng |
| 010 ## - LCCN (DPL NO) | |
| LC control number | B-361763-769 |
| 020 ## - INTERNATIONAL STANDARD BOOK NUMBER | |
| International Standard Book Number | 0195645456 |
| Terms of availability | 350.00 |
| 020 ## - INTERNATIONAL STANDARD BOOK NUMBER | |
| International Standard Book Number | 9780195645455 |
| Terms of availability | 350.00 |
| 035 ## - SYSTEM CONTROL NUMBER | |
| System control number | B-361763-769 |
| 037 ## - SOURCE OF ACQUISITION | |
| Source of stock number/acquisition | Uppal Book Store |
| 040 ## - CATALOGING SOURCE | |
| Original cataloging agency | dpl |
| Language of cataloging | English |
| 082 ## - DEWEY DECIMAL CLASSIFICATION NUMBER | |
| Classification number | 791.530954 |
| 245 ## - TITLE STATEMENT | |
| Title | Making meaning in Indian cinema / |
| Statement of responsibility, etc | edited by Ravi S. Vasudevan |
| 260 ## - PUBLICATION, DISTRIBUTION, ETC. (IMPRINT) | |
| Place of publication, distribution, etc | New Delhi |
| Name of publisher, distributor, etc | Oxford University Press |
| Date of publication, distribution, etc | 2009 |
| 270 ## - ADDRESS | |
| Address | YMCA Library Building, Jai Singh Road, |
| City | New Delhi |
| Postal code | 110001 |
| 300 ## - PHYSICAL DESCRIPTION | |
| Extent | x, 317 p. |
| Dimensions | 22 cm(pbk) |
| 504 ## - BIBLIOGRAPHY, ETC. NOTE | |
| Bibliography, etc | Includes bibliographical references |
| 520 ## - SUMMARY, ETC. | |
| Summary, etc | Contributed seminar papers. |
| 650 ## - SUBJECT ADDED ENTRY--TOPICAL TERM | |
| Topical term or geographic name as entry element | Motion pictures |
| Geographic subdivision | India |
| General subdivision | History. |
| 650 ## - SUBJECT ADDED ENTRY--TOPICAL TERM | |
| Topical term or geographic name as entry element | Motion pictures |
| General subdivision | Plots, themes, etc. |
| 700 ## - ADDED ENTRY--PERSONAL NAME | |
| Personal name | Vasudevan, Ravi |
| 942 ## - ADDED ENTRY ELEMENTS (KOHA) | |
| Source of classification or shelving scheme | Dewey Decimal Classification |
| Item type | English Books |
| Call number suffix | MAK |
| Classification part | 791.530954 |
| Withdrawn status | Lost status | Source of classification or shelving scheme | Damaged status | Not for loan | Collection code | Home library | Current library | Date acquired | Source of acquisition | Cost, normal purchase price | Total Checkouts | Total Renewals | Full call number | Barcode | Date last seen | Copy number | Cost, replacement price | Koha item type |
|---|---|---|---|---|---|---|---|---|---|---|---|---|---|---|---|---|---|---|
| Dewey Decimal Classification | Non-fiction | Central Library | Central Library | 08/04/2010 | Uppal Book Store/UBS 9017/30.10.09/128/16.10.09/30.10.09 | 350.00 | 4 | 1 | 791.530954 MAK | B-361763 | 03/03/2021 | 1 | 350.00 | English Books | ||||
| Dewey Decimal Classification | Non-fiction | Janak Puri | Janak Puri | 08/04/2010 | Uppal Book Store/UBS 9017/30.10.09/128/16.10.09/30.10.09 | 350.00 | 8 | 791.530954 MAK | B-361765 | 12/01/2019 | 1 | 350.00 | English Books | |||||
| Dewey Decimal Classification | Non-fiction | Karol Bagh | Karol Bagh | 08/04/2010 | Uppal Book Store/UBS 9017/30.10.09/128/16.10.09/30.10.09 | 350.00 | 791.530954 MAK | B-361768 | 08/04/2010 | 1 | 350.00 | English Books | ||||||
| Dewey Decimal Classification | Non-fiction | Patel Nagar | Patel Nagar | 08/04/2010 | Uppal Book Store/UBS 9017/30.10.09/128/16.10.09/30.10.09 | 350.00 | 791.530954 MAK | B-361764 | 08/04/2010 | 1 | 350.00 | English Books | ||||||
| Dewey Decimal Classification | Non-fiction | Sarojini Nagar | Sarojini Nagar | 08/04/2010 | Uppal Book Store/UBS 9017/30.10.09/128/16.10.09/30.10.09 | 350.00 | 1 | 791.530954 MAK | B-361766 | 24/11/2022 | 1 | 350.00 | English Books | |||||
| Written-off vide DLB M. No. 383 dt 16.05.19 | Dewey Decimal Classification | Non-fiction | Shahdara Branch | Shahdara Branch | 08/04/2010 | Uppal Book Store/UBS 9017/30.10.09/128/16.10.09/30.10.09 | 350.00 | 791.530954 MAK | B-361769 | 08/04/2010 | 1 | 350.00 | English Books | |||||
| Dewey Decimal Classification | Non-fiction | Vinoba Puri | Vinoba Puri | 08/04/2010 | Uppal Book Store/UBS 9017/30.10.09/128/16.10.09/30.10.09 | 350.00 | 1 | 2 | 791.530954 MAK | B-361767 | 17/01/2011 | 1 | 350.00 | English Books |
